000 00860cam a2200277 a 4500
008
020 _a0471847887 (hbk.)
049 _aMAIN
090 _aTA347.F5
100 1 _aCook, Robert Davis.
245 1 0 _aConcepts and applications of finite element analysis /
_cRobert D. Cook, David S. Malkus, Michael E. Plesha.
250 _a3rd ed.
260 _aNew York :
_bWiley,
_cc1989.
300 _axviii, 630 p. :
_bill. ;
_c26 cm.
504 _aIncludes bibliographical references.
500 _aIncludes index.
650 0 _aStructural analysis (Engineering)
650 0 _aFinite element method.
700 1 _aMalkus, David S.
700 1 _aPlesha, Michael E.
907 _a.b10065544
_b22-07-05
_c17-04-03
003
005 20250414174228.0
040 _cNUST
942 _cBOOKS
_kTA347.F5
_01
999 _c152838
_d152838